00583nam a2200181Ia 450000500170000000800410001702000100005804000190006804100120008708200160009910000210011524501050013626000500024130000140029150400470030565000390035285000100039120221128114351.0131103s9999 xx 000 0 und d cRs.50 aLoreto College aEnglish a954.14bRAH aRahman,Hossainur aHindu - Muslim Relations in Bengal 1905 - 1947b study in cultural confrontation cHossainur Rahman aBombaybNachiketa Publications Limited.c1974 ax,238 p.  aIncludes index,bibliography and appendices aHindu - Muslim Relations In Bengal aLCLIB